Učitavanje...

The Encyclopaedia of Indian National Congress

Bibliografski detalji
Glavni autori: Shaheda Zaidi; Ed, Zaidi, A Moin; Ed
Format: Printed Book
Izdano: New Delhi, S Chand 1976
Serija:2
Teme:
LEADER 005790000a22001810004500
082 |a 324.254 003 L6.2 
100 |a Shaheda Zaidi; Ed 
100 |a Zaidi, A Moin; Ed 
245 |a The Encyclopaedia of Indian National Congress 
260 |a New Delhi, S Chand 
260 |c 1976 
465 |a R 400 
490 |a 2  |c 1891-1895 the age of reforms 
650 |a Political parties 
650 |a Politics 
942 |c BK 
999 |c 10625  |d 10625 
952 |0 0  |1 0  |4 0  |6 324_254000000000000_003_L6_2  |7 0  |8 REF  |9 10420  |a MGUL  |b MGUL  |d 2013-07-16  |e R 400  |l 0  |o 324.254 003 L6.2  |p 01076  |r 2013-07-16  |w 2013-07-16  |y REF